000 00845nmc a2200325 a 4500
003 AR-BaBNM
005 20251128204523.0
008 266019s1990 ||||||||||||||000 | spa||
020 _a84-87095-59-3
040 _cAR-BaBNM
100 1 _aLawrence, Thomas Edward
245 1 0 _aLos siete pilares de la sabiduría
250 _a2ª ed. corr.
260 _aMadrid
_bLibertarias
_c1990
300 1 _axxxvii, 848 p.
_bmapas
490 0 _aTres de cuatro soles
_vv. 8
504 _aContiene bibliografía en p. 845
650 4 _aTESTIMONIOS
650 4 _aHISTORIA ARABE
650 4 _aLITERATURA INGLESA
650 4 _aCULTURA ARABE
650 4 _aVIAJES
650 4 _aHISTORIA EUROPEA
653 0 _aMEMORIAS
653 0 _aNARRATIVA
655 _aLITERATURA
700 1 _aArana, Jorge
_eprologuista
942 _cBK
998 _cisola
999 _c7756
_d7756